000
00301nam a2200121Ia 4500
008
210430s9999 xx 000 0 und d
082
_a
355.021 W2531 W
100
_a
EG Archer
245
_a
Warheads Handbook
_c
EG Archer
260
_a
Islamabad
_b
EG Archer
_c
1991
300
_a
156p
942
_c
BK
_2
ddc
999
_c
562340
_d
562340